00715cam a22002411i 4500001001300000003000400013005001700017008004100034010001700075025001900092035002000111040001800131042001200149050001500161100002400176245008800200260004300288300005000331650001900381650001800400700003800418999001700456ne 63001687 DLC20260227111749.0860422s1962 ua ac 000 0 arar  ane 63001687  aPL480:UAR-2904 a(OCoLC)23482319 aDLCcMiUdDLC apremarc00aN7381b.I81 aIskandar, Rushdī.10aKhamsūn sanah min al-fann /btaʼlīf Rushdī Iskandar wa-Kamāl al-Mallākh. aMiṣr :bDār al-Maʻārif,c[1962] a198 p. :b[95] p. of illus., ports. ;c24 cm. 0aArtistszEgypt 0aArt, Egyptian1 aMallākh, Kamālejoint author. c46198d46198